000 00555nam a22002177a 4500
003 Ost
005 20240508143651.0
008 240416b |||||||| |||| 00| 0 eng d
020 _a9789352833962
040 _cBT-PhCST
050 _a24677-24691
082 _222
_a620.1
_bKHU
100 _aKhurmi, R.S.
245 _aA textbook of engineering mechanics :
250 _a22nd ed.
260 _aIndia :
_bS.Chand Publishing,
_cc1967
300 _axxi, 755 p. :
_bill. ;
_c24 cm.
500 _aIncludes index.
700 _aKhurmi, N.
942 _2ddc
_cWRE
999 _c9727
_d9727